000 01230nam0a2200325 i 4500
001 RU\NLR\BIBL_A\010776497
005 20240921104414.0
010 _a9785000581896
_9300
021 _aRU
_b2015-32154
_91907
035 _a(NILC)RuMoRGB-007920069
035 _a(NLR Aleph) 010776497
090 _a10046042
_c10046042
100 _a20150608d2015 um y0rusy50 ca
101 0 _arus
102 _aRU
105 _ay|||z|||000zy
200 1 _aХроника преступлений большевистского государства, существовавшего под названием СССР
_fавт.-сост.: Воскобойник М. П., д-р экон. наук
210 _aМосква
_cЭдитус
_d2015
215 _a203 с.
_d21
606 1 _aТоталитаризм
_yСССР
_91070423
_3RU\NLR\AUTH\6698308
606 1 _aРепрессии политические
_yСССР
_92099278
_3RU\NLR\AUTH\661269827
610 0 _aполитические репрессии
686 1 _aТ3(2)7-3
686 1 _aФ3(2)15
702 1 _aВоскобойник
_bМ. П.
_4220
801 0 _aRU
_bРГБ
_c20150424
_gRCR
942 _cBOOK
980 _aNBR